00325nam a2200121Ia 4500008004100000041000800041082001600049100002000065245004500085260003000130300003200160365001100192240624s9999 xx 000 0 und d aeng a658.049 GAT aGATIGNON HUBERT aINSEAD WHARTON ALLIANCE ON GLOBALIZING S c2004aNew YorkbCambridge axxii, : 451 : p. : cm. ; 24 cRSb27